000 00288nam a2200121Ia 4500
008 220204s9999 xx 000 0 und d
082 _a631.542
_bWIT
100 _aWITTROCK, Gustave T
245 0 _aPruning book.
260 _aLondon
_bRobert Hale
_c1971
650 _aPruning
942 _cBK
999 _c24091
_d24091